00333nam a2200121 a 450000500170000000800410001705000200005824500240007826000450010244000190014750000240016665000210019020140513081056.0070202s19uu xx 00 eng d aVCDbVo872 2002 aVocabulary builder. bEducational products for infancy,c2002. aBaby BumbleBee aAge 2 months and up aBasic vocabulary